Animal Crossing villager species - Statistics

General Stats
  • This quiz has been taken 1,678 times
  • The average score is 24 of 34
Answer Stats
Answer % Correct
Cat
98%
Dog
97%
Bear
90%
Bird
86%
Horse
82%
Cow
75%
Frog
75%
Octopus
74%
Rabbit
74%
Elephant
73%
Sheep
73%
Lion
72%
Mouse
72%
Monkey
71%
Pig
71%
Deer
69%
Wolf
69%
Tiger
68%
Anteater
67%
Duck
66%
Eagle
66%
Goat
66%
Alligator
65%
Chicken
65%
Gorilla
65%
Hamster
64%
Rhino
64%
Squirrel
64%
Hippo
58%
Kangaroo
57%
Penguin
57%
Koala
55%
Ostrich
54%
Bull
51%
No matching quizzes found
Score Distribution
Percent of People with Each Score
Percentile by Number Answered
Your Score History
You have not taken this quiz